00449nam a2200157Ia 450000100060000000800410000602000180004704000130006508200200007810000250009824500880012326000510021130000110026254600070027365000110028064857150303s9999 xx 000 0 und d a9789699739378 cPK-LaUMT a 155.9042bSTR- aInam ul Haque Masood aStress & stress managementba guide for walking the tightropecInam ul Haque Masood aLahore,Pakistan:bJumhoori Publications,c2013 a182 p. aEN aStress